[Event "New Delhi Skillcraft U1800 op 1st"]
[Site "New Delhi"]
[Date "2025.01.10"]
[Round "1"]
[White "Parth, Sahajwani"]
[Black "Aman, Kumar1"]
[Result "0-1"]
[WhiteElo "1440"]
[BlackElo "1768"]
[PlyCount "77"]
[EventDate "2025.01.10"]
[EventType "swiss"]
[EventRounds "9"]
[EventCountry "IND"]
[SourceTitle "CB12_2025"]
[SourceDate "2025.03.19"]
[SourceVersion "1"]
[SourceVersionDate "2025.03.19"]
[SourceQuality "1"]

1. e4 a6 2. Nf3 e6 3. d4 c5 4. Be2 b5 5. Bf4 Bb7 6. Nbd2 cxd4 7. Nxd4 d6 8. Bg3 Nf6 9. Bd3 Be7 10. Qe2 Nbd7 11. c3 Qb6 12. 0-0 h5 13. h3 Rc8 14. N4f3 e5 15. Rac1 Nc5 16. Bb1 Ne6 17. Rfe1 g5 18. Nf1 h4 19. Bh2 g4 20. hxg4 Nxg4 21. Ne3 Nxh2 22. Kxh2 Nf4 23. Qd2 Rg8 24. Rg1 Rd8 25. Nf5 Rd7 26. N5xh4 Rh8 27. g3 Ng6 28. Kg2 Nxh4+ 29. Nxh4 Bxh4 30. gxh4 f5 31. Kf1 fxe4 32. Rg4 d5 33. Rd1 Rf7 34. a3 e3 35. Qe1 Rxf2+ 36. Kg1 e2 37. Rg6 Rf1+ 38. Kg2 Qg1+ 39. Kh3 0-1